Gluee Tracklist (Bladee) - Statistics

General Stats
  • This quiz has been taken 27 times
  • The average score is 8 of 9
Answer Stats
Hint Answer % Correct
1 Deletee (Intro)
100%
3 Ebay
92%
2 Safehouse
88%
4 Shadowface
88%
7 Freeze
84%
9 Unreal
80%
5 Spellbound
76%
8 Upgrade Enabled
76%
6 Everlasting Flames
68%
No matching quizzes found
Score Distribution
Percent of People with Each Score
Percentile by Number Answered
Your Score History
You have not taken this quiz